Stéréotypes et clichés : Langue, discours, société (notice n° 1925448)

détails MARC
000 -LEADER
fixed length control field 01487cam a2200145 4500500
005 - DATE AND TIME OF LATEST TRANSACTION
control field 20260329023211.0
041 ## - LANGUAGE CODE
Language code of text/sound track or separate title fre
042 ## - AUTHENTICATION CODE
Authentication code dc
100 10 - MAIN ENTRY--PERSONAL NAME
Personal name Amossy, Ruth
Relator term author
245 00 - TITLE STATEMENT
Title Stéréotypes et clichés : Langue, discours, société
260 ## - PUBLICATION, DISTRIBUTION, ETC.
Name of publisher, distributor, etc. Armand Colin,<br/>
Date of publication, distribution, etc. 2021.<br/>
520 ## - SUMMARY, ETC.
Summary, etc. Les notions de stéréotype, cliché, poncif, lieu commun, idée reçue, permettent d’étudier les interactions sociales, la relation des discours aux imaginaires sociaux et, plus largement, le rapport entre langage et société. Pourquoi la question des évidences partagées, des représentations collectives, des automatismes de langage se trouve-t-elle au centre des réflexions contemporaines ? Dans quelle mesure les perspectives d’analyse des sciences sociales, des études littéraires et des sciences du langage peuvent-elles se recouper ?Après avoir établi l’histoire des notions, le présent ouvrage montre comment le phénomène de la stéréotypie a été abordé par différentes disciplines : psychologie sociale, stylistique, sociocritique et théories de la lecture, sémantique, rhétorique et analyse du discours.Cette nouvelle édition a été entièrement mise à jour et enrichie de nombreuses notions telles que le prédiscours, la formule ou l'analyse du discours politique et médiatique.
700 10 - ADDED ENTRY--PERSONAL NAME
Personal name Herschberg Pierrot, Anne
Relator term author
856 41 - ELECTRONIC LOCATION AND ACCESS
Uniform Resource Identifier <a href="https://shs.cairn.info/stereotypes-et-cliches--9782200631727?lang=fr&redirect-ssocas=7080">https://shs.cairn.info/stereotypes-et-cliches--9782200631727?lang=fr&redirect-ssocas=7080</a>

Pas d'exemplaire disponible.

PLUDOC

PLUDOC est la plateforme unique et centralisée de gestion des bibliothèques physiques et numériques de Guinée administré par le CEDUST. Elle est la plus grande base de données de ressources documentaires pour les Étudiants, Enseignants chercheurs et Chercheurs de Guinée.

Adresse

627 919 101/664 919 101

25 boulevard du commerce
Kaloum, Conakry, Guinée

Réseaux sociaux

Powered by Netsen Group @ 2025